Timeline of the 20th Century - Statistics

General Stats
  • This quiz has been taken 70 times
    60 since last reset
  • The average score is 25 of 35
Answer Stats
Question Answer % Correct
Mahatma Gandhi fought for the independence of India from what empire? British
100%
What was the first city the United States dropped a nuclear bomb on in World War II? Hiroshima
100%
In 1953, Edmund Hillary and Tenzing Norgay were the first people to ever reach what summit? Mount Everest
100%
The Nazi invasion of what country triggered World War II in Europe in 1939? Poland
100%
In which city was archduke Franz Ferdinand killed, whose assassination was the immediate cause of World War I? Sarajevo
100%
What was the first feature-length animated movie that was released in 1937? Snow White and the Seven Dwarfs
100%
Which event in 1941 led the United States to enter World War II? The attack on Pearl Harbor
100%
What worldwide conflict came to an end when Margaret Thatcher was British Prime Minister? Cold War
89%
In which city Princess Diana died in car accident in 1997? Paris
89%
Which pharaoh's tomb was famously discovered by Howard Carter in the early 20th century? Tutankhamun
89%
In what present county Chernobyl disaster occurred in 1986? Ukraine
89%
Who was the main leader of the Russian Revolution that started in 1917? Vladimir Lenin
89%
When was the first FIFA World Cup hosted? 1930
78%
Who fought in undeclared Falkland Islands War in 1982? Argentina and Great Britain
78%
Which Olympic games were remembered when 11 Israeli athletes were massacred by Palestinian terrorists? Munich 1972
78%
Who is the founding father of the Republic of Turkey and its first president from 1923 to 1938? Mustafa Kemal Atatürk
78%
Which artist painted "Guernica", the painting that helped bringing worldwide attention to the Spanish Civil War? Pablo Picasso
78%
What is the first artificial satellite launched in space in 1957? Sputnik 1
78%
What famous ocean liner was christened in Belfast in 1911? Titanic
78%
What day marked the Wall Street crash and the beginning of the Great Depression in 1929? Black Tuesday
67%
Who was the pope of Catholic Church from 1978 to 2005? John Paul II
67%
What group did Mother Teresa form in 1950 to help the poor and needy? Missionaries of Charity
67%
In which city Martin Luther King, Jr. organized the famous march for civil rights in 1963? Washington
67%
What was the name of Nicolae Ceausescu's wife who was executed along with him during the 1989 Romanian Revolution? Elena
56%
Pablo Escobar was a drug lord and the founder of which Colombian cartel? Medellin
56%
What was Princess Diana's official title after she married Prince Charles? Princess of Wales
56%
Who led the first expedition to reach the geographic South Pole in 1911? Roald Amundsen
56%
What conflict Northern Ireland experienced throughout the second half of the 20th century? The Troubles
56%
When did East and West Germany reunite? 1990
44%
Which physicist first identified the atomic nucleus in 1911? Ernest Rutherford
44%
Which explorer is best known for claiming to have reached the geographic North Pole with his expedition on April 6, 1909? Robert Peary
44%
Who old was Puyi when he was crowned the last Emperor of China in 1908? 2
33%
How many different Nobel Prizes are awarded every year since 1901? Five
33%
The Schengen Agreement from 1985 is a treaty that built a Europe without borders. Where is the city of Schengen located? Luxembourg
33%
How many conflicts were there during Balkan wars that started in 1912? Two
33%
No matching quizzes found
Score Distribution
Percent of People with Each Score
Percentile by Number Answered
Your Score History
You have not taken this quiz since the last reset